2017年“双一流”建设高校名单 List of “2 First-Class” Universities in 2017 - Statistics

General Stats
  • This quiz has been taken 66 times
  • The average score is 37 of 42
Answer Stats
Hint Answer % Correct
北京 北京大学
100%
北京 清华大学
100%
天津 天津大学
96%
上海 复旦大学
96%
上海 上海交通大学
96%
天津 南开大学
95%
黑龙江 哈尔滨工业大学
95%
江苏 南京大学
95%
浙江 浙江大学
95%
湖北 武汉大学
95%
吉林 吉林大学
93%
上海 同济大学
93%
四川 四川大学
93%
湖南 湖南大学
93%
北京 中国人民大学
91%
北京 北京航空航天大学
91%
重庆 重庆大学
91%
安徽 中国科学技术大学
89%
福建 厦门大学
89%
山东 山东大学
89%
陕西 西安交通大学
89%
河南 郑州大学
89%
北京 北京理工大学
88%
北京 北京师范大学
86%
辽宁 大连理工大学
86%
江苏 东南大学
86%
湖北 华中科技大学
86%
甘肃 兰州大学
86%
云南 云南大学
86%
山东 中国海洋大学
82%
广东 中山大学
82%
辽宁 东北大学
82%
新疆 新疆大学
82%
四川 电子科技大学
81%
湖南 中南大学
79%
广东 华南理工大学
79%
上海 华东师范大学
75%
陕西 西北工业大学
75%
湖南 国防科技大学
75%
陕西 西北农林科技大学
72%
北京 中国农业大学
68%
北京 中央民族大学
56%
No matching quizzes found
Score Distribution
Percent of People with Each Score
Percentile by Number Answered
Your Score History
You have not taken this quiz